Dictionary English.Spanish: phrasal verbs

Guardado en:
Bibliografiske detaljer
Format: Bog
Sprog:Undetermined
Udgivet: Barcelona, España VOX 2003
Fag:
Tags: Tilføj Tag
Ingen Tags, Vær først til at tagge denne postø!

MARC

LEADER 00000nam a2200000Ia 4500
008 170316s9999 xx 000 0 und d
020 |a 84-8332-414-8 
040 |a cru BVZT 
090 |a R-413 D-2d ING-ESP 
245 |a Dictionary English.Spanish: phrasal verbs 
260 |a Barcelona, España 
260 |b VOX 
260 |c 2003 
300 |a 468 páginas 
650 |a REFERENCIA  |9 27 
650 |a DICCIONARIO  |9 28 
650 |a INGLÉS-ESPAÑOL  |9 96 
650 |a INGLÉS-BRITÁNICO 
650 |a INGLÉS-NORTEAMÉRICANO 
650 |a FRASES-VERBALES 
650 |a SÍMBOLOS-FONÉTICOS 
650 |a SINÓNIMOS  |9 106 
650 |a ANTONIMOS 
942 |c REF  |2 z 
999 |c 15082  |d 15082